000 00466nam a2200181Ia 4500
005 20250326123959.0
008 250326s9999 xx 000 0 und d
037 _aTextbook
040 _aFMSL
_beng
_cFMSL
041 _aeng
_2eng
084 _aXx L3;2
_qFMSL
100 _aKeynes J M
245 0 _aGeneral theory and after
_cKeynes J M
260 _aNY
_bNY, Macmillan
_c1973
300 _a653p
942 _cTB
_hXx L3;2
999 _c1271747
_d1271747